High altitude medicinal plants of Bhutan : (Record no. 5140)
[ view plain ]
| 000 -LEADER | |
|---|---|
| fixed length control field | 00691pam a2200169 4500 |
| 001 - CONTROL NUMBER | |
| control field | 6089 |
| 005 - DATE AND TIME OF LATEST TRANSACTION | |
| control field | 20181127180843.0 |
| 008 - FIXED-LENGTH DATA ELEMENTS--GENERAL INFORMATION | |
| fixed length control field | 861024r19871972enkaf 001 0 eng |
| 020 ## - INTERNATIONAL STANDARD BOOK NUMBER | |
| International Standard Book Number | 9789993676225 |
| 100 1# - MAIN ENTRY--PERSONAL NAME | |
| Personal name | Wangchuk, Phurpa . |
| 245 12 - TITLE STATEMENT | |
| Title | High altitude medicinal plants of Bhutan : |
| Statement of responsibility, etc. | an illustrated guide for pratical use / |
| Remainder of title | Phurpa Wangchuk. |
| 260 ## - PUBLICATION, DISTRIBUTION, ETC. | |
| Place of publication, distribution, etc. | Thimphu : |
| Name of publisher, distributor, etc. | Pharmaceutical and Research Unit, Institute of Traditional Medicine Services, Ministry of Health. |
| Date of publication, distribution, etc. | 2009. |
| 300 ## - PHYSICAL DESCRIPTION | |
| Extent | 156 p. : |
| Other physical details | col. ill ; |
| Dimensions | 19 cm. |
| 504 ## - BIBLIOGRAPHY, ETC. NOTE | |
| Bibliography, etc. note | Includes bibliographical references and index. |
| 650 ## - SUBJECT ADDED ENTRY--TOPICAL TERM | |
| Topical term or geographic name entry element | Medicinal plants -- Bhutan. |
| Form subdivision | |
| General subdivision | |
| Chronological subdivision | |
| Geographic subdivision | |
| Source of heading or term | |
| Topical term or geographic name entry element | Medicinal plants |
| Geographic subdivision | Bhutan |
| Form subdivision | Identification.. |
| Withdrawn status | Lost status | Source of classification or shelving scheme | Damaged status | Not for loan | Collection code | Home library | Current library | Shelving location | Serial Enumeration / chronology | Inventory number | Total Checkouts | Full call number | Barcode | Date last seen | Date last checked out | Price effective from | Koha item type |
|---|---|---|---|---|---|---|---|---|---|---|---|---|---|---|---|---|---|
| Dewey Decimal Classification | Main TEST | RTC Library | RTC Library | Main opac | 9618 | 1 | 615.321 WAN | 30008535 | 04/11/2019 | 21/10/2019 | 27/11/2018 | Main |